Fußball-Weltmeister der Herren - Statistiken

Allgemein
  • Dieses Quiz wurde 1.106 mal gespielt
  • Das Durchschnittsergebnis liegt bei 20 aus 21
Antwortstatistiken
Jahr Weltmeister % Korrekt
2014 Deutschland
100%
1958 Brasilien
99%
1962 Brasilien
99%
1970 Brasilien
99%
1994 Brasilien
99%
2002 Brasilien
99%
1954 BR Deutschland
99%
1974 BR Deutschland
99%
1990 BR Deutschland
99%
1998 Frankreich
99%
2018 Frankreich
99%
2010 Spanien
98%
1934 Italien
97%
1938 Italien
97%
1982 Italien
97%
2006 Italien
97%
1978 Argentinien
96%
1986 Argentinien
96%
1930 Uruguay
92%
1950 Uruguay
92%
1966 England
88%
Keine übereinstimmenden Quizze gefunden
Verteilung der Resultate
Anzahl Personen mit jedem Resultat
Perzentil nach korrekt beantworteten Fragen
Ihre Resultats-Entwicklung
Sie haben dieses Quiz noch nicht gespielt